banner koha

O "self - service" nas cooperativas (servir-se a si mesmo)[Suecia] (Registro n. 260757)

MARC details
000 -LÍDER
campo de controle de tamanho fixo 01078nac a22002897a 4500
001 - NÚMERO DE CONTROLE
campo de controle BR5200053
003 - IDENTIFICADOR DO NÚMERO DE CONTROLE
campo de controle BR-BrBNA
005 - DATA E HORÁRIO DA ÚLTIMA TRANSAÇÃO
campo de controle 20240105112900.0
008 - CAMPO DE DADOS FIXOS--INFORMAÇÃO GERAL
campo de controle de tamanho fixo 230509b bl.|||m| |||| 00| 0 por d
040 ## - FONTE DA CATALOGAÇÃO
Instituição da catalogação original BR-BrBNA
Idioma da catalogação por
Instituição que transcreveu o registro Biblioteca Nacional de Agricultura
072 ## - CÓDIGO DE CATEGORIA DE ASSUNTO
Código de Categoria de Assunto E15; E70
090 ## - NÚMERO DE CHAMADA LOCAL
Número de chamada E15 BR5200053
100 1# - ENTRADA PRINCIPAL--NOME PESSOAL
Nome pessoal Nilsson, H.
110 1# - ENTRADA PRINCIPAL--NOME CORPORATIVO
Nome corporativo ou nome da jurisdição Secretaria de Estado dos Negocios da Agricultura de Sao Paulo, Sao Paulo (Brasil). Depto. de Assistencia ao Cooperativismo
9 (RLIN) 8939
245 1# - TÍTULO
Título O "self - service" nas cooperativas (servir-se a si mesmo)[Suecia]
260 3# - PUBLICAÇÃO, DISTRIBUIÇÃO, ETC.
Local de publicação, distribuição, etc. Sao Paulo, SP (Brasil):
Data da publicação, distribuição, etc. Dec 1952.
300 ## - DESCRIÇÃO FÍSICA
Extensão 11 p.
490 ## - TÍTULO DA SÉRIE
Título da série Publicacao - Secretaria de Estado dos Negocios da Agricultura de Sao Paulo. Depto. de Assistencia ao Cooperativismo (Brazil)
Número do volume ou designação sequencial da série no. 205
ISSN - International Standard Serial Number
500 ## - NOTA GERAL
Nota geral Translation of: Le Cooperateur Suisse
650 ## - ASSUNTO--TERMO TÓPICO
Cabeçalho tópico ou nome geográfico Microeconomia
650 ## - ASSUNTO--TERMO TÓPICO
Cabeçalho tópico ou nome geográfico Comercializacao
650 ## - ASSUNTO--TERMO TÓPICO
Cabeçalho tópico ou nome geográfico Cooperativa
650 ## - ASSUNTO--TERMO TÓPICO
Cabeçalho tópico ou nome geográfico Venda
650 ## - ASSUNTO--TERMO TÓPICO
Cabeçalho tópico ou nome geográfico Desenvolvimento cooperativista
909 ## -
-- 202312
-- Lúcia Elande
-- 55
-- Lúcia Elande
942 ## - ELEMENTOS DE ENTRADA ADICIONADOS (KOHA)
Fonte da classificação ou esquema de arquivamento na estante Classificação AGRIS
Ocultar no OPAC Não
Tipo de material Koha Monografia Seriada
Exemplares
Situação do descarte Fonte da classificação ou esquema de arquivamento na estante Situação física Não pode ser emprestado Coleção Biblioteca de origem Biblioteca atual Localização na estante Total de empréstimos Número de telefone completo Código de barras Data de último acesso Tipo de material Koha Fonte de aquisição
  Classificação AGRIS       Biblioteca Nacional de Agricultura - Binagri Biblioteca Nacional de Agricultura - Binagri Agrobase - Acervo Geral   E15 BR5200053 E15 BR5200053 18/12/2023 Monografia Seriada Portaria Interministerial nº 164/94

BINAGRI

Telefone: (61)3218-2567/2388/3357/2097 - binagri@agro.gov.br

Ministério da Agricultura e Pecuária , Esplanada dos Ministérios, Bloco D, Anexo B, Brasília/DF, CEP: 70.043-900